ბათუმის შოთა რუსთაველის სახელმწიფო უნივერსიტეტის ბიბლიოთეკა

იდუმალი ფრონტის რაინდი : (ბიბ.ჩანაწერი № 58153)

000 -ლიდერი
ფიქსირებული სიგრძის საკონტროლო ველი 01253nam a22002537a 4500
003 - საკონტროლო ნომრის იდენტიფიკატორი
საკონტროლო ველი Ge_BSU
005 - ბოლო ოპერაციის თარიღი და დრო
საკონტროლო ველი 20210707123450.0
008 - ფიქსირებული სიგრძის მონაცემთა ელემენტები - ზოგადი ინფორმაცია
ფიქსირებული სიგრძის საკონტროლო ველი 210707s2020 ge ||||| |||| 00| 0 geo d
020 ## - წიგნის საერთაშორისო სტანდარტული ნომერი
International Standard Book Number 9789941820724 (ტრილოგია)
020 ## - წიგნის საერთაშორისო სტანდარტული ნომერი
International Standard Book Number 9789941820731 (წიგნი 1)
041 ## - ენის კოდი
Language code of text/sound track or separate title geo
080 ## - უნივერსალური ათობითი კლასიფიკაციის ინდექსი
Universal Decimal Classification number 821.353.1-311.6 მ- 44
100 ## - მთავარი ჩანაწერი - პიროვნების სახელი
Personal name მახარაძე, აკაკი
9 (RLIN) 12168
245 ## - ცნობა სათაურის შესახებ
Title იდუმალი ფრონტის რაინდი :
Remainder of title ტრილოგია. წიგნი 1, დურგალი /
Statement of responsibility, etc აკაკი მახარაძე ; რედაქტორი ოთარ ცინარიძე.
264 ## - წარმოების, გამოცემის, დისტრიბუციის და სხვა ცნობები
გამოცემის, წარმოების, დისტრიბუციის... ადგილი ბათუმი,
გამოცემის, წარმოების, დისტრიბუციის... თარიღი 2020.
300 ## - ფიზიკური აღწერა
Extent 126 გვ. ;
Other physical details 21 სმ.
500 ## - ზოგადი შენიშვნა
General note ტრილოგია ეძღვნება ძმის პროფესორ შოთა მახარაძის ნათელ ხსოვნას.
653 ## - INDEX TERM--UNCONTROLLED
Uncontrolled term ტრილოგია
653 ## - INDEX TERM--UNCONTROLLED
Uncontrolled term იდუმალი ფრონტის რაინდი
653 ## - INDEX TERM--UNCONTROLLED
Uncontrolled term დურგალი
653 ## - INDEX TERM--UNCONTROLLED
Uncontrolled term ქართული პროზა.
700 ## - ADDED ENTRY--PERSONAL NAME
Personal name ცინარიძე, ოთარ
Relator term რედაქტორი
9 (RLIN) 12169
942 ## - ADDED ENTRY ELEMENTS (KOHA)
Source of classification or shelving scheme
Koha item type წიგნი
ეგზემპლარები
ჩამოწერის სტატუსი დაკარგული ეგზემპლარის სტატუსი კლასიფიკაციის წყარო ან თაროზე გაწყობის სქემა დაზიანების სტატუსი არ გაიცემა მუდმივი მდებარეობა (დაცვის ადგილი) ამჟამინდელი ადგილსამყოფელი თაროზე განთავსების ადგილი შეძენის თარიღი ღირებულება, შესყიდვის ნორმალური ფასი სრული შენახვის შიფრი შტრიხკოდი ბოლო ოპერაციის თარიღი ეგზემპლარის მიმდევრობითი ნომერი (კეტერი?) ფასის ძალაში შესვლის თარიღი ეგზემპლარის სახეობა საჯარო შენიშვნა
          ბათუმის შოთა რუსთაველის სახელმწიფო უნივერსიტეტის მთავარი ბიბლიოთეკა ბათუმის შოთა რუსთაველის სახელმწიფო უნივერსიტეტის მთავარი ბიბლიოთეკა წიგნსაცავი 2021-07-07 5.00 821.353.1-311.6 მ- 44 61435 2021-07-07 61435 2021-07-07 წიგნი 5 ლ.